000 00454cam a22001457a 4500
008 180718b1995 xxu||||| |||| 00| 0 eng d
082 _aT19x54 P218
100 _aParikh, Kirit S.
245 _aIssues and action
260 _aDelhi
_bKonark
_c1995
300 _ap.1-34
500 _a[In]Mid - year review of the economy 1994 - 95 edited by Kirit S. Parikh
650 _aIndia - Economic Conditions Finance
650 _aIndia - Economic Policy - 1994-95
999 _c377921
_d377921